Использование природных минералов для получения керамических пигментов; Международная конференция "Ресурсо- и энергосберегающие технологии строительных материалов, изделий и конструкций"

Détails bibliographiques
Parent link:Международная конференция "Ресурсо- и энергосберегающие технологии строительных материалов, изделий и конструкций".— 1995.— С. 163-164
Auteur principal: Погребенков В. М. Валерий Матвеевич
Autres auteurs: Седельникова М. Б. Мария Борисовна, Верещагин В. И. Владимир Иванович
Résumé:Керамические пигменты получали на основе природных минералов: тремолита, диопсида, волластонита, цеолита (65-90 % состава). В качестве хромофоров использовали оксиды и соли Fe, Mn, Co, Cr и др. (5-25 % в составе смеси). Получены пигменты коричневых, черных, синих и зеленых цветов
В фонде НТБ ТПУ отсутствует
Langue:russe
Publié: 1995
Sujets:
Format: MixedMaterials Chapitre de livre
KOHA link:https://koha.lib.tpu.ru/cgi-bin/koha/opac-detail.pl?biblionumber=595936

MARC

LEADER 00000naa0a2200000 4500
001 595936
005 20250318145112.0
035 |a (RuTPU)RU\TPU\tpu\17840 
035 |a RU\TPU\tpu\17839 
090 |a 595936 
100 |a 20100722d1995 k y0rusy50 ca 
101 0 |a rus 
102 |a RU 
200 1 |a Использование природных минералов для получения керамических пигментов  |f В. М. Погребенков, М. Б. Седельникова, В. И. Верещагин 
330 |a Керамические пигменты получали на основе природных минералов: тремолита, диопсида, волластонита, цеолита (65-90 % состава). В качестве хромофоров использовали оксиды и соли Fe, Mn, Co, Cr и др. (5-25 % в составе смеси). Получены пигменты коричневых, черных, синих и зеленых цветов 
333 |a В фонде НТБ ТПУ отсутствует 
463 |t Международная конференция "Ресурсо- и энергосберегающие технологии строительных материалов, изделий и конструкций"  |o Научные чтения, посвященные 25-летию Белгородской государственной технологической академии строительных материалов (Белгород, 26-29 сентября 1995)  |o тезисы докладов  |h Ч. 1  |v С. 163-164  |d 1995 
610 1 |a труды учёных ТПУ 
700 1 |a Погребенков  |b В. М.  |c российский учёный в области физики высоких технологий  |c профессор Томского политехнического университета  |g Валерий Матвеевич  |3 (RuTPU)RU\TPU\pers\26404 
701 1 |a Седельникова  |b М. Б.  |c российский учёный в области технологии силикатов и наноматериалов  |c доцент Томского политехнического университета  |g Мария Борисовна  |3 (RuTPU)RU\TPU\pers\26201 
701 1 |a Верещагин  |b В. И.  |c химик-технолог  |c профессор Томского политехнического университета, доктор технических наук  |f 1942-  |g Владимир Иванович  |3 (RuTPU)RU\TPU\pers\19774  |9 7712 
801 1 |a RU  |b 63413507  |c 20100722 
801 2 |a RU  |b 63413507  |c 20100722  |g RCR 
942 |c BK